000 00298nam a22001337a 4500
003 SGT
082 _a294.12
_bG19R
100 _aRAMSUKH DAS SWAMI
245 _aGEETA MADHURYA
260 _aINDIA
_bGEETA PRESS GORAKHPUR
_c2019
300 _a160
650 _aNON MEDICAL BOOKS
942 _2ddc
_cBK
999 _c23432
_d23432